| 000 | 01316nam a2200253Ia 4500 | ||
|---|---|---|---|
| 003 | Ost | ||
| 005 | 20260416102351.0 | ||
| 008 | 260416s9999||||xx |||||||||||||| ||und|| | ||
| 040 | _cfsecg | ||
| 041 | _aara | ||
| 082 | _a338.5 | ||
| 100 |
_aرباعي، أمينة _eمؤلف |
||
| 245 | 0 |
_aمحاضرات في الإقتصاد الجزئي مع تمارين محلولة / _c أمينة رباعي |
|
| 260 |
_aالجزائر _bجامعة الجزائر3: كلية العلوم الإقتصادية، العلوم التجارية وعلوم التسيير _c2017 |
||
| 300 |
_a127 ورقة _bايضاحات _c30 سم |
||
| 504 | _aمراجع ص.127 | ||
| 520 | _aتعريف علم الاقتصاد، نظرية الطلب ومرونته، نظرية العرض ومرونته، نظرية توازن السوق، نظرية سلوك المستهلك، نظرية الانتاج، نظرية تكاليف الانتاج، نظرية الايرادات | ||
| 653 | _aالاقتصاد الجزئي | ||
| 653 | _aالايرادات والنفقات | ||
| 653 | _aالعرض و الطلب | ||
| 653 | _aالمستهلكون | ||
| 710 |
_aجامعة الجزائر3: كلية العلوم الإقتصادية، العلوم التجارية وعلوم التسيير _eناشر علمي |
||
| 942 | _cHANDOUT | ||
| 999 |
_c41022 _d41022 |
||